000 00630nam a2200181 i 4500
001 134918
003 ES-MaACL
005 20230906194753.0
007 t|
008 070703s1971 sp ||||1| spa d
100 1 _aTimon, Mariano.
_9110290
245 1 0 _aSemblanza histórica en sus bodas de oro /
_cpor Mariano Timón.
260 _aPalencia :
_b[s.n.],
_c1971 (
_fDiario Día)
300 _a13 p. :
_bil. ;
_c22 cm.
500 _aPrecede al tít.: Escuela de Artes Aplicadas y Oficios Artísticos de Palencia.
710 1 _aEscuela de Artes y Oficios Artísticos (Palencia)
_93525
852 _aES-MaACL
_j2080-F-20
_bR.79676
999 _c134918
_d134918